00201nam a2200097Ia 4500100001700000245001300017260003800030082001500068300000800083546001200091 aNarayanan/S  aDynamics bS.Chand and Co.aNew Dellhic1982 a531.3bNAR a315 aENGLISH